| 000 | 01082cam a2200313 a 4500 | ||
|---|---|---|---|
| 001 | 18069 | ||
| 003 | BD-RjUL | ||
| 005 | 20211209000231.0 | ||
| 008 | 140219s19461945cau 000 1 eng d | ||
| 035 | _a(BD-RjUL)18127 | ||
| 040 |
_aDLC _cDLC _dBD-RjUL _beng |
||
| 041 | _aeng | ||
| 082 | 0 | 0 |
_a813.52 _220 _bWED 1946 |
| 100 | 1 |
_aWelty, Eudora, _d1909-2001. _955677 |
|
| 245 | 1 | 0 |
_aDelta wedding / _cEudora Welty. |
| 260 |
_aNew York : _bHarcourt Brace Jovanovich, _c c1946. |
||
| 300 |
_a246 p. ; _c21 cm. |
||
| 650 | 0 |
_aWeddings _vFiction. _955679 |
|
| 650 | 0 |
_aPlantation life _vFiction. _955680 |
|
| 651 | 0 |
_aMississippi _vFiction. _955681 |
|
| 651 | 0 |
_aDelta (Miss. : Region) _vFiction. _955682 |
|
| 655 | 7 |
_aDomestic fiction. _2lcsh _955698 |
|
| 856 | 4 | 2 |
_3Publisher description _uhttp://www.loc.gov/catdir/description/har041/90022030.html |
| 856 | 4 | 2 |
_3Contributor biographical information _uhttp://www.loc.gov/catdir/enhancements/fy1003/90022030-b.html |
| 942 |
_2ddc _cBK |
||
| 999 |
_c18069 _d18069 |
||